Home health aide / (Record no. 994)

MARC details
000 -LEADER
fixed length control field 00956cam a22003018a 4500
003 - CONTROL NUMBER IDENTIFIER
control field data
005 - DATE AND TIME OF LATEST TRANSACTION
control field 20260322212042.0
008 - FIXED-LENGTH DATA ELEMENTS--GENERAL INFORMATION
fixed length control field data
010 ## - LIBRARY OF CONGRESS CONTROL NUMBER
LC control number 97035233 /AC
020 ## - INTERNATIONAL STANDARD BOOK NUMBER
International Standard Book Number 1560657049
020 ## - INTERNATIONAL STANDARD BOOK NUMBER
International Standard Book Number 9781560657040
040 ## - CATALOGING SOURCE
Original cataloging agency DLC
Transcribing agency DLC
Modifying agency DPL
049 ## - LOCAL HOLDINGS (OCLC)
Holding library DPLA
Notes about holdings sb
050 00 - LIBRARY OF CONGRESS CALL NUMBER
Classification number RA645.35
Item number .S54 1998
082 00 - DEWEY DECIMAL CLASSIFICATION NUMBER
Classification number 610.69/53
Edition information 21
099 ## - LOCAL FREE-TEXT CALL NUMBER (OCLC)
Classification number 610..69 Sim 1998
001 - CONTROL NUMBER
control field data
100 1# - MAIN ENTRY--PERSONAL NAME
Personal name Simon, Charnan.
245 10 - TITLE STATEMENT
Title Home health aide /
Statement of responsibility, etc. Charnan Simon.
260 ## - PUBLICATION, DISTRIBUTION, ETC.
Place of publication, distribution, etc. Mankato, MN :
Name of publisher, distributor, etc. Capstone High/Low Books,
Date of publication, distribution, etc. 1998.
300 ## - PHYSICAL DESCRIPTION
Extent 48 p. :
Other physical details ill. ;
Dimensions 22 cm.
490 1# - SERIES STATEMENT
Series statement Careers without college
504 ## - BIBLIOGRAPHY, ETC. NOTE
Bibliography, etc. note Includes bibliographical references and index.
520 ## - SUMMARY, ETC.
Summary, etc. Outlines the educational requirements, duties, salary, employment outlook, and possible future positions of home health aides.
650 #0 - SUBJECT ADDED ENTRY--TOPICAL TERM
Topical term or geographic name entry element Home health aides
General subdivision Vocational guidance.
650 #1 - SUBJECT ADDED ENTRY--TOPICAL TERM
Topical term or geographic name entry element Vocational guidance.
830 #0 - SERIES ADDED ENTRY--UNIFORM TITLE
Uniform title Careers without college (Mankato, Minn.)
Holdings
Withdrawn status Lost status Damaged status Not for loan Home library Current library Shelving location Date acquired Total checkouts Full call number Barcode Date last seen Price effective from Koha item type
        Riverside Riverside General stacks 22/03/2026   610.69/53 21 BC0011027 22/03/2026 22/03/2026 Books